Statistics for Countries with the Most Albanian Speakers

Click here to take the quiz!

General Stats

  • This quiz has been taken 275 times
  • The average score is 6 of 7

Answer Stats

No. of speakersCountry% Correct
2.8 mAlbania
99%
1.7 mKosovo
96%
523 kNorth Macedonia
92%
121 kItaly
89%
33 kMontenegro
85%
16 kCroatia
59%
111 kSwitzerland
38%

Score Distribution

Percentile by Number Answered

Percent of People with Each Score

Your Score History

You have not taken this quiz